00274pab a2200121 454500008004000000100002500040245002100065260000900086300000900095362001000104650001800114773002000132180718b1998 xxu||||| |||| 00| 0 eng d aPai Panandiker, V.A. aSave the citizen c1998 ap.13 a8 Aug aConstitutions aHindustan Times